[Event "Gelfand Challenge 2021"]
[Site "chess24.com INT"]
[Date "2021.06.10"]
[Round "1.1"]
[White "Yip, Carissa"]
[Black "Keymer, Vincent"]
[Result "0-1"]
[WhiteTitle "IM"]
[BlackTitle "GM"]
[WhiteElo "2430"]
[BlackElo "2591"]
[WhiteFideId "2090732"]
[BlackFideId "12940690"]
[EventDate "2021.06.10"]

1. Nf3 d5 2. g3 c6 3. Bg2 Bg4 4. c4 e6 5. O-O Nd7 6. cxd5 exd5 7. d3 Bc5 8. h3
Bh5 9. Qc2 Ne7 10. e4 O-O 11. Nc3 Bb6 12. Bg5 f6 13. Bd2 Bf7 14. Rfe1 Rc8 15. d4
dxe4 16. Nxe4 Bc7 17. Bb4 Re8 18. Nd6 Bxd6 19. Bxd6 Nb6 20. Bc5 Qd7 21. Nd2 Nf5
22. Be4 Bg6 23. Rad1 Nd5 24. Nc4 b6 25. Ba3 b5 26. h4 Rxe4 27. Qxe4 Nfe3 28. Qf3
Nxc4 0-1

[Event "Gelfand Challenge 2021"]
[Site "chess24.com INT"]
[Date "2021.06.10"]
[Round "1.2"]
[White "Nihal, Sarin"]
[Black "Abdusattorov, Nodirbek"]
[Result "0-1"]
[WhiteTitle "GM"]
[BlackTitle "GM"]
[WhiteElo "2620"]
[BlackElo "2634"]
[WhiteFideId "25092340"]
[BlackFideId "14204118"]
[EventDate "2021.06.10"]

1. e4 c6 2. d4 d5 3. e5 Bf5 4. g4 Be4 5. f3 Bg6 6. e6 Qd6 7. exf7+ Bxf7 8. Nc3
Nd7 9. f4 g5 10. fxg5 O-O-O 11. Be3 Bg7 12. Qd2 e5 13. O-O-O Ne7 14. Nf3 Rhf8
15. Bh3 Ng6 16. Rhf1 Be6 17. Rde1 e4 18. Ng1 Nb6 19. b3 Nd7 20. Rf5 Nh4 21. Ref1
a6 22. Kb1 Ng6 23. R1f2 Nh4 24. Bf4 Qe7 25. Be3 Qd6 26. Bf4 Qe7 27. Bg3 Bxf5 28.
gxf5 e3 29. Nxd5 cxd5 30. Qa5 Be5 31. Bxe5 Qxe5 32. dxe5 exf2 33. Nf3 Rxf5 34.
Nxh4 f1=Q+ 35. Bxf1 Rxf1+ 36. Kb2 Re8 37. Qxd5 Nxe5 38. g6 hxg6 39. Nxg6 Re1 40.
Nf4 Nc6 41. h4 Rd8 42. Qf5+ Kb8 43. Ne6 Rdd1 44. Qf4+ Ka7 45. Qf2+ Kb8 46. Nc5
Nd4 47. Qf7 Rb1+ 48. Kc3 Nb5+ 49. Kb4 Nd6 50. Qd7 Rbd1 51. Qd8+ Ka7 52. Nd7 Re8
53. Qb6+ Ka8 54. Qf2 Nc8 55. Nc5 Rd5 56. c4 Rde5 57. h5 Rh8 58. h6 Rxh6 59. Qf4
Rb6+ 60. Ka3 Rxc5 61. Qf8 Rbc6 62. Qf4 Na7 63. Qf8+ Rc8 64. Qd6 Ra5+ 65. Kb2 Nc6
66. Qe6 Rh8 67. Qe2 Rah5 68. Qe3 Rh2+ 69. Ka3 Rg2 70. Qf3 Rhh2 71. Qf8+ Nb8 0-1

[Event "Gelfand Challenge 2021"]
[Site "chess24.com INT"]
[Date "2021.06.10"]
[Round "1.3"]
[White "Zhu, Jiner"]
[Black "Murzin, Volodar"]
[Result "0-1"]
[WhiteTitle "WGM"]
[BlackTitle "IM"]
[WhiteElo "2462"]
[BlackElo "2502"]
[WhiteFideId "8608059"]
[BlackFideId "44155573"]
[EventDate "2021.06.10"]

1. e4 c6 2. d4 d5 3. f3 dxe4 4. fxe4 e5 5. Nf3 Be6 6. c3 Nd7 7. Bd3 Bd6 8. O-O
h6 9. Na3 Ngf6 10. Nc4 Qc7 11. Kh1 Rd8 12. Nxd6+ Qxd6 13. Qe1 g5 14. Bc2 Qe7 15.
b3 Rg8 16. a4 c5 17. d5 Bg4 18. Nd2 Bh5 19. Nc4 Bg6 20. Ba3 b6 21. b4 Rc8 22.
Rb1 Nxd5 23. bxc5 Nxc5 24. Nxe5 Nf4 25. Nxg6 Rxg6 26. g3 Nfd3 27. Bxd3 Nxd3 28.
Bxe7 Nxe1 29. Bf6 Nc2 30. e5 Ne3 31. Rf3 Nd5 32. Rd1 Nxf6 33. exf6 Rc6 34. Rdf1
Kd7 35. Kg2 Rd6 36. g4 Kc6 37. Rf5 Re6 38. R1f3 Rg8 39. Kg3 Rge8 40. h4 Re5 41.
hxg5 hxg5 42. Rf2 R8e6 43. Rf1 Kc5 44. Rh1 Kd5 45. Rh7 Rxf5 46. gxf5 Rxf6 47.
Kg4 Ke5 48. Kxg5 Rxf5+ 49. Kg4 Rf4+ 50. Kg3 Rf5 51. Rh4 Kd6 52. Rd4+ Rd5 53. Rf4
f5 54. Kf2 Ke5 55. Rh4 Rc5 56. Rh7 Ra5 57. Rh4 Kf6 58. Rd4 Ke6 59. Kf3 Rc5 60.
Rd3 Rc4 61. Re3+ Kf6 62. a5 bxa5 63. Ke2 Re4 0-1

[Event "Gelfand Challenge 2021"]
[Site "chess24.com INT"]
[Date "2021.06.10"]
[Round "1.4"]
[White "Mendonca, Leon Luke"]
[Black "Khademalsharieh, Sarasadat"]
[Result "0-1"]
[WhiteTitle "GM"]
[BlackTitle "IM"]
[WhiteElo "2549"]
[BlackElo "2494"]
[WhiteFideId "35028561"]
[BlackFideId "12512214"]
[EventDate "2021.06.10"]

1. Nf3 d5 2. d4 Nf6 3. c4 e6 4. Nc3 a6 5. cxd5 exd5 6. Bg5 Be6 7. e3 Nbd7 8. Bd3
Bd6 9. O-O c6 10. Bf4 Qb8 11. Bxd6 Qxd6 12. h3 O-O 13. Qb3 Rab8 14. a4 a5 15.
Qc2 h6 16. Rfc1 Rfc8 17. Ne2 Rc7 18. Nf4 Rbc8 19. Qd2 b6 20. b3 Ne4 21. Qb2 c5
22. Nxe6 Qxe6 23. dxc5 bxc5 24. Bb5 Nb6 25. Rc2 c4 26. Rac1 Nc5 27. Nd4 Qf6 28.
Qa3 Nd3 29. Rb1 Nb4 30. Rc3 Nd7 31. bxc4 dxc4 32. Bxd7 Rxd7 33. Rbc1 Rdc7 34.
Qa1 Rc5 35. Qb1 h5 36. Qe4 g6 37. g3 Na2 38. R1c2 Nxc3 39. Rxc3 Kg7 40. Kg2 Rb8
41. Rc2 Rb4 42. Kh2 Rxa4 43. Ne2 Rb4 44. Nf4 Qf5 45. Qd4+ Kh7 46. e4 Qe5 47. Qe3
Rb3 48. Qe2 Rb4 49. Qf3 Kg7 50. Nd5 Rb2 51. Rc3 a4 52. Qe3 Rxd5 53. exd5 Qxe3
54. Rxe3 Rxf2+ 55. Kg1 Rd2 56. Ra3 Rxd5 57. Rxa4 Rc5 58. Ra2 c3 59. Rc2 Kf6 60.
Kf2 Ke5 61. Ke3 Kd5 62. Kd3 Rc4 63. Ke2 Ke4 64. Kd1 Kf3 65. Ra2 Kxg3 66. Ra7 Rf4
67. Rc7 Kxh3 68. Rxc3+ Kg2 69. Rc2+ Rf2 0-1

[Event "Gelfand Challenge 2021"]
[Site "chess24.com INT"]
[Date "2021.06.10"]
[Round "1.5"]
[White "Praggnanandhaa, R"]
[Black "Liang, Awonder"]
[Result "0-1"]
[WhiteTitle "GM"]
[BlackTitle "GM"]
[WhiteElo "2608"]
[BlackElo "2592"]
[WhiteFideId "25059530"]
[BlackFideId "2056437"]
[EventDate "2021.06.10"]

1. d4 Nf6 2. c4 e6 3. Nc3 Bb4 4. e3 O-O 5. Bd2 b6 6. Nf3 Bb7 7. Bd3 d5 8. cxd5
exd5 9. Rc1 a6 10. O-O Bd6 11. Ne5 c5 12. f4 Nc6 13. Be1 cxd4 14. Nxc6 Bxc6 15.
Ne2 Bb5 16. Nxd4 Bxd3 17. Qxd3 Ne4 18. Nf5 g6 19. Nh6+ Kg7 20. Qxd5 Qe7 21. Ng4
Rad8 22. Rc4 Rfe8 23. Rxe4 Qxe4 24. Bc3+ Kf8 25. Qg5 Qf5 26. Qh6+ Ke7 27. Bf6+
Kd7 28. Ne5+ Bxe5 29. fxe5 Qe4 30. Bxd8 Kxd8 31. Rxf7 Qxe5 32. Qh4+ g5 33. Qd4+
Qxd4 34. exd4 Re2 35. Rxh7 Rxb2 36. a3 Ra2 37. Rg7 Rxa3 38. Rxg5 b5 39. h4 b4
40. Rg8+ Kc7 41. d5 Ra5 42. Rg5 Rb5 43. h5 b3 44. Rg7+ Kd6 45. Rg6+ Kxd5 46.
Rg5+ Ke6 47. Rg6+ Kf7 48. Rxa6 b2 49. Ra7+ Kg8 0-1

[Event "Gelfand Challenge 2021"]
[Site "chess24.com INT"]
[Date "2021.06.10"]
[Round "1.6"]
[White "Bjerre, Jonas Buhl"]
[Black "Salimova, Nurgyul"]
[Result "1/2-1/2"]
[WhiteTitle "GM"]
[BlackTitle "IM"]
[WhiteElo "2542"]
[BlackElo "2395"]
[WhiteFideId "1444948"]
[BlackFideId "2915138"]
[EventDate "2021.06.10"]

1. e4 c6 2. d4 d5 3. e5 Bf5 4. Nd2 e6 5. Nb3 c5 6. dxc5 Bxc5 7. Bb5+ Nc6 8. a4
Be7 9. Nd4 Qc7 10. Nxf5 exf5 11. Nf3 O-O-O 12. O-O d4 13. Qd3 g6 14. Qc4 f6 15.
e6 Bd6 16. Bxc6 Qxc6 17. Qxc6+ bxc6 18. Nxd4 Ne7 19. c3 Rhe8 20. Re1 a6 21. a5
Kc7 22. Ra4 Be5 23. Rc4 Rd5 24. Nb3 Nc8 25. f4 Bd6 26. Nd4 Bc5 27. Be3 Nd6 28.
Nb5+ cxb5 29. Rxc5+ Rxc5 30. Bxc5 Ne4 31. Bb6+ Kc6 32. Rd1 Nd6 33. b3 Rxe6 34.
Kf2 g5 35. fxg5 fxg5 36. Kf3 h5 37. Rd2 g4+ 38. Kf4 h4 39. h3 gxh3 40. gxh3 Re4+
41. Kg5 Re8 42. Rd4 Rg8+ 43. Kf6 Rg3 44. Ke6 Re3+ 45. Kf6 Rxh3 46. c4 bxc4 47.
bxc4 Rc3 48. c5 Ne4+ 49. Kxf5 Nxc5 50. Rxh4 Nd7 51. Bd8 Rc5+ 52. Kf4 Rc4+ 53.
Ke3 Rxh4 54. Bxh4 Kb5 55. Bd8 Ne5 56. Kd2 Nc6 57. Bc7 Nxa5 58. Bxa5 Kxa5 59. Kc3
Ka4 60. Kb2 a5 61. Ka2 Kb4 62. Kb2 a4 63. Ka2 a3 64. Ka1 Kb3 65. Kb1 a2+ 66. Ka1
Ka3 1/2-1/2

[Event "Gelfand Challenge 2021"]
[Site "chess24.com INT"]
[Date "2021.06.10"]
[Round "1.7"]
[White "Lei, Tingjie"]
[Black "Badelka, Olga"]
[Result "1-0"]
[WhiteTitle "GM"]
[BlackTitle "IM"]
[WhiteElo "2505"]
[BlackElo "2418"]
[WhiteFideId "8605114"]
[BlackFideId "13509926"]
[EventDate "2021.06.10"]

1. e4 c5 2. Nf3 d6 3. d4 cxd4 4. Nxd4 Nf6 5. Nc3 Nc6 6. Bg5 e6 7. Qd2 a6 8.
O-O-O Bd7 9. f4 Be7 10. Nf3 b5 11. Bxf6 gxf6 12. Kb1 Qb6 13. f5 O-O-O 14. Bd3
Kb8 15. Rhf1 Rc8 16. Ne2 Ne5 17. Ned4 Nxf3 18. Nxf3 e5 19. Rc1 Bc6 20. Qe2 d5
21. exd5 Bxd5 22. Nd2 Rhd8 23. Be4 Bxa2+ 24. Kxa2 Qa5+ 25. Kb1 Rxd2 26. Qe3 Rd4
27. c3 Ra4 28. Rfd1 Bc5 29. Qd3 Bb6 30. Qd6+ Bc7 31. Qc6 Ra1+ 32. Kc2 Qa4+ 33.
b3 Rxc1+ 34. Kxc1 Qa1+ 35. Kd2 Rd8+ 36. Ke3 1-0

[Event "Gelfand Challenge 2021"]
[Site "chess24.com INT"]
[Date "2021.06.10"]
[Round "1.8"]
[White "Abdumalik, Zhansaya"]
[Black "Gukesh, D"]
[Result "0-1"]
[WhiteTitle "IM"]
[BlackTitle "GM"]
[WhiteElo "2472"]
[BlackElo "2578"]
[WhiteFideId "13703544"]
[BlackFideId "46616543"]
[EventDate "2021.06.10"]

1. e4 c6 2. d4 d5 3. e5 Bf5 4. Nd2 e6 5. Nb3 Nd7 6. Nf3 Ne7 7. c3 Nc8 8. Bd3
Bxd3 9. Qxd3 Be7 10. h4 h6 11. Bf4 Ncb6 12. a4 Nc4 13. Qc2 a5 14. Nbd2 b5 15. b3
Nxd2 16. Bxd2 Nb6 17. g3 Qd7 18. O-O O-O 19. Nh2 bxa4 20. bxa4 Nc4 21. Bc1 f5
22. exf6 Bxf6 23. Ng4 Kh8 24. Qg6 Qe8 25. Qxe8 Raxe8 26. Rb1 e5 27. dxe5 Nxe5
28. Nxf6 Rxf6 29. Be3 Nf3+ 30. Kg2 Re4 31. Rb8+ Kh7 32. Ra1 Rc4 33. Ra3 Ne1+ 34.
Kh3 Nc2 35. Rab3 Nxe3 36. fxe3 Rxa4 37. Ra8 h5 38. Rbb8 Rg4 39. Rf8 Rxf8 40.
Rxf8 Rc4 41. Ra8 Rxc3 42. Rxa5 Rxe3 43. Rc5 Re6 44. g4 Kg6 45. gxh5+ Kxh5 46.
Kg3 Rg6+ 47. Kh3 Rf6 48. Kg3 Kg6 49. Kg4 Kf7 50. Ra5 Kg6 51. h5+ Kh6 52. Ra8 g6
53. Rh8+ Kg7 54. Rd8 gxh5+ 55. Kxh5 Kf7 56. Kg5 Ke6 57. Rc8 Ke5 58. Rd8 Rf1 59.
Rc8 Kd6 60. Kg4 Kc5 61. Kg3 d4 62. Kg2 Rf7 0-1

[Event "Gelfand Challenge 2021"]
[Site "chess24.com INT"]
[Date "2021.06.10"]
[Round "1.9"]
[White "Shuvalova, Polina"]
[Black "Yoo, Christopher Woojin"]
[Result "0-1"]
[WhiteTitle "IM"]
[BlackTitle "IM"]
[WhiteElo "2489"]
[BlackElo "2457"]
[WhiteFideId "24171760"]
[BlackFideId "30909694"]
[EventDate "2021.06.10"]

1. e4 e6 2. d4 d5 3. Nd2 Be7 4. Bd3 c5 5. dxc5 Nf6 6. exd5 exd5 7. Ngf3 O-O 8.
O-O Bxc5 9. Nb3 Be7 10. h3 Nc6 11. Re1 Re8 12. c3 Ne4 13. c4 Bb4 14. Rf1 dxc4
15. Bxc4 Qf6 16. a3 Bf8 17. Re1 Bf5 18. Nbd2 Rad8 19. Qa4 Nxf2 20. Kxf2 Bc5+ 21.
Kf1 Qd6 22. Rxe8+ Rxe8 23. Qb5 a6 24. Qb3 Qg3 25. Bxf7+ Kh8 26. Ne4 Rxe4 27. Be3
Rxe3 28. Qd5 Re1+ 0-1

[Event "Gelfand Challenge 2021"]
[Site "chess24.com INT"]
[Date "2021.06.10"]
[Round "1.10"]
[White "Mammadzada, Gunay"]
[Black "Saduakassova, Dinara"]
[Result "0-1"]
[WhiteTitle "IM"]
[BlackTitle "IM"]
[WhiteElo "2443"]
[BlackElo "2500"]
[WhiteFideId "13403729"]
[BlackFideId "13700090"]
[EventDate "2021.06.10"]

1. d4 Nf6 2. c4 e6 3. g3 d5 4. Bg2 Bb4+ 5. Bd2 Be7 6. Nf3 O-O 7. O-O c6 8. Qb3
b6 9. Nc3 Bb7 10. Rfd1 Nbd7 11. Rac1 Rc8 12. Bf4 Nh5 13. Bd2 Nhf6 14. Ne5 Nxe5
15. dxe5 Nd7 16. cxd5 cxd5 17. Bf4 g5 18. Be3 Nxe5 19. Nb5 Rxc1 20. Rxc1 Nc4 21.
Nxa7 Nxe3 22. Qxe3 Bc5 23. Qe5 Bd6 24. Qe3 Bc5 25. Qe5 h6 26. a3 Qb8 27. Qxb8
Rxb8 28. b4 Bd6 29. Nb5 Be5 30. e3 Ba6 31. Nd4 Ra8 32. Rc3 Bc4 33. Rxc4 Rxa3 34.
Rc8+ Kg7 35. Bf3 Bxd4 36. exd4 Rxf3 37. Rc6 Rd3 38. Rxb6 Rxd4 39. Kf1 Rd2 40. b5
Rb2 41. Rb8 Kf6 42. b6 h5 43. Kg2 Ke5 44. Kf3 g4+ 45. Ke3 Rb3+ 46. Kd2 Ke4 47.
Kc2 Rb5 48. Rf8 f5 0-1

[Event "Gelfand Challenge 2021"]
[Site "chess24.com INT"]
[Date "2021.06.10"]
[Round "2.1"]
[White "Keymer, Vincent"]
[Black "Saduakassova, Dinara"]
[Result "1-0"]
[WhiteTitle "GM"]
[BlackTitle "IM"]
[WhiteElo "2591"]
[BlackElo "2500"]
[WhiteFideId "12940690"]
[BlackFideId "13700090"]
[EventDate "2021.06.10"]

1. d4 Nf6 2. c4 e6 3. Nf3 b6 4. g3 Ba6 5. b3 Bb4+ 6. Bd2 Be7 7. Bg2 d5 8. cxd5
exd5 9. Nc3 O-O 10. O-O Re8 11. Ne5 Bb7 12. h4 Nbd7 13. Bf4 Nf8 14. e3 c5 15.
Ng4 Rc8 16. dxc5 bxc5 17. Rc1 Ne4 18. Nxe4 dxe4 19. Ne5 Ne6 20. Qc2 Nxf4 21.
exf4 Bf6 22. Rfd1 Qb6 23. Nc4 Qa6 24. Nd6 Bd4 25. Nxc8 Bxc8 26. Bxe4 g6 27. Re1
Qa5 28. Kg2 Bb7 29. f3 Ba6 30. Red1 Kg7 31. Rb1 Qb6 32. Bd3 Bb7 33. Re1 Qc6 34.
Be4 Rxe4 35. Rxe4 Qd6 36. Rbe1 Bxe4 37. Qxe4 Qa6 38. Qe2 Qa3 39. Qc2 Qb4 40. Re2
a5 41. f5 Qb7 42. fxg6 hxg6 43. h5 1-0

[Event "Gelfand Challenge 2021"]
[Site "chess24.com INT"]
[Date "2021.06.10"]
[Round "2.2"]
[White "Yoo, Christopher Woojin"]
[Black "Mammadzada, Gunay"]
[Result "0-1"]
[WhiteTitle "IM"]
[BlackTitle "IM"]
[WhiteElo "2457"]
[BlackElo "2443"]
[WhiteFideId "30909694"]
[BlackFideId "13403729"]
[EventDate "2021.06.10"]

1. d4 d5 2. c4 c6 3. Nc3 Nf6 4. cxd5 cxd5 5. Bf4 Nc6 6. e3 Bg4 7. Qb3 Na5 8.
Qa4+ Bd7 9. Qc2 e6 10. Nf3 Be7 11. Bd3 Nh5 12. Be5 f6 13. Bg3 f5 14. O-O Rc8 15.
Ne5 O-O 16. Qe2 Be8 17. Rac1 a6 18. Rc2 Bd6 19. Rfc1 Nxg3 20. hxg3 Bxe5 21. dxe5
Nc6 22. Na4 Rb8 23. Nc5 Qe7 24. Nxa6 bxa6 25. Rxc6 Bxc6 26. Rxc6 Rfc8 27. Rxa6
Rc1+ 28. Kh2 Qg5 29. Ra4 Rbc8 30. Rh4 Ra1 31. Qh5 Qxh5 32. Rxh5 Rcc1 33. g4 g6
34. Rg5 Kf7 35. gxf5 exf5 36. g4 h6 37. e6+ Kf6 38. e7 Kxe7 39. Rxg6 Rh1+ 40.
Kg3 Rhg1+ 41. Kf3 fxg4+ 42. Kf4 Rxa2 43. Ke5 Rxb2 44. Bf5 h5 45. Re6+ Kd8 46.
Rh6 Rxf2 47. Kd6 Ke8 48. Be6 Kf8 49. Rg6 Rf7 50. Bxd5 Rgf1 51. Bxf7 Kxf7 52. Rg5
Rh1 53. Ke5 Rh3 54. Kf4 Kf6 55. Rf5+ Kg6 56. Rg5+ Kh6 57. Rg8 Rf3+ 58. Ke4 Rf7
59. Kd3 Rg7 60. Rh8+ Kg5 61. Ke2 g3 62. Kf3 Kh4 63. Kg2 Rf7 64. Kg1 Rc7 65. e4
Rc1+ 66. Kg2 Rc2+ 67. Kf3 Rf2+ 68. Ke3 Rf7 69. Rg8 Kh3 70. e5 h4 71. Ke4 g2 72.
e6 Rf1 0-1

[Event "Gelfand Challenge 2021"]
[Site "chess24.com INT"]
[Date "2021.06.10"]
[Round "2.3"]
[White "Gukesh, D"]
[Black "Shuvalova, Polina"]
[Result "1-0"]
[WhiteTitle "GM"]
[BlackTitle "IM"]
[WhiteElo "2578"]
[BlackElo "2489"]
[WhiteFideId "46616543"]
[BlackFideId "24171760"]
[EventDate "2021.06.10"]

1. d4 Nf6 2. Nf3 e6 3. g3 d5 4. Bg2 Be7 5. c4 O-O 6. Nc3 Nbd7 7. b3 c6 8. O-O b6
9. Bb2 Ba6 10. Nd2 b5 11. c5 b4 12. Na4 Bb5 13. Re1 Qc7 14. Qc2 Rfe8 15. a3 a5
16. Nf1 e5 17. dxe5 Nxe5 18. Ne3 Bxa4 19. bxa4 Nfd7 20. Bd4 Bf6 21. Red1 Rab8
22. Bh3 h5 23. Kg2 bxa3 24. Rxa3 Rb4 25. Bc3 Re4 26. Bd4 Nc4 27. Nxc4 Rxd4 28.
Rxd4 Bxd4 29. Nd6 Rb8 30. Nf5 Bf6 31. Re3 g6 32. Nd6 Ne5 33. f4 Nc4 34. Nxc4
dxc4 35. Qxc4 Kg7 36. Qd3 Rd8 37. Qc2 Rd4 38. Rd3 Qd8 39. Kf1 Qe7 40. Bg2 Rxd3
41. exd3 Bd4 42. Be4 Bxc5 43. Qc3+ Kg8 44. Qxa5 Qd6 45. Qc3 Bd4 46. Qxc6 Qb4 47.
Qc2 Qa3 48. Kg2 Kg7 49. Bd5 Qa1 50. Kh3 Qf1+ 51. Bg2 Qe1 52. Qc4 Bb6 53. Qe4 Qa5
54. Qe5+ Qxe5 55. fxe5 Kf8 56. Bd5 Ke7 57. g4 Bc7 58. gxh5 gxh5 59. Kh4 Bxe5 60.
h3 f5 61. Kxh5 Kf6 62. a5 Bd4 63. a6 Be3 64. Bc6 Bf2 65. Kh6 Bd4 66. Kh7 Kg5 67.
Kg8 Kh4 68. Bd7 f4 69. Bg4 Kg3 70. Kf7 f3 71. Bxf3 Kxf3 72. Ke6 Kg3 73. Kd5 Ba7
74. Kc6 Kxh3 75. Kb7 Bd4 76. a7 Bxa7 77. Kxa7 Kg4 78. Kb6 Kf5 79. d4 Kf6 80. Kc6
Ke7 81. d5 Ke8 82. Kc7 Ke7 83. d6+ 1-0

[Event "Gelfand Challenge 2021"]
[Site "chess24.com INT"]
[Date "2021.06.10"]
[Round "2.4"]
[White "Badelka, Olga"]
[Black "Abdumalik, Zhansaya"]
[Result "1-0"]
[WhiteTitle "IM"]
[BlackTitle "IM"]
[WhiteElo "2418"]
[BlackElo "2472"]
[WhiteFideId "13509926"]
[BlackFideId "13703544"]
[EventDate "2021.06.10"]

1. Nf3 Nf6 2. c4 c5 3. Nc3 b6 4. e4 d6 5. d4 cxd4 6. Nxd4 Bb7 7. f3 e6 8. Be3
Be7 9. Be2 O-O 10. O-O a6 11. Qd2 Nbd7 12. a4 Qc7 13. a5 bxa5 14. Nb3 Rab8 15.
Nxa5 Ba8 16. Rfb1 Rfd8 17. b4 d5 18. exd5 Bxb4 19. Rxb4 Rxb4 20. Nb5 Rxb5 21.
cxb5 Nxd5 22. bxa6 Nxe3 23. Qxe3 Nf6 24. Nc4 Nd5 25. Qf2 h5 26. Ne3 Nf4 27. Bf1
Nd3 28. Bxd3 Rxd3 29. Nf1 Rc3 30. a7 Rc2 31. Qd4 e5 32. Qb4 Kh7 33. Ng3 g6 34.
h3 Qc6 35. Ne4 Kg7 36. Qb8 Qd5 37. Kh2 h4 38. Qb6 Rc6 39. Qb8 Rc2 40. Qb6 Rc6
41. Qf2 f5 42. Ng5 Rc4 43. Qb6 Kh6 44. Qf6 Rc7 45. Ra6 Qg8 46. Qxe5 Rc4 47. Qf6
Rc7 48. Ne6 Rc4 49. f4 Bf3 50. Qxh4+ Bh5 51. a8=Q 1-0

[Event "Gelfand Challenge 2021"]
[Site "chess24.com INT"]
[Date "2021.06.10"]
[Round "2.5"]
[White "Salimova, Nurgyul"]
[Black "Lei, Tingjie"]
[Result "1/2-1/2"]
[WhiteTitle "IM"]
[BlackTitle "GM"]
[WhiteElo "2395"]
[BlackElo "2505"]
[WhiteFideId "2915138"]
[BlackFideId "8605114"]
[EventDate "2021.06.10"]

1. d4 Nf6 2. Nf3 d5 3. c4 e6 4. g3 Be7 5. Bg2 O-O 6. Nc3 dxc4 7. Ne5 Qd6 8. Nxc4
Qa6 9. b3 Nc6 10. O-O Rd8 11. e3 e5 12. d5 b5 13. Nd2 b4 14. Na4 Nxd5 15. Qc2
Be6 16. Bb2 Rac8 17. Rac1 Nc3 18. Nxc3 bxc3 19. Bxc3 Nb4 20. Bxb4 Bxb4 21. Nc4
Bxc4 22. Qxc4 Qxc4 23. Rxc4 Ba5 24. Rc5 Bb6 25. Rxe5 Rd2 26. a4 a5 27. Bd5 Kf8
28. Bc4 Rcd8 29. Rf5 f6 30. g4 Ke7 31. Kg2 h6 32. h4 R8d6 33. Kg3 Rd1 34. Rxd1
Rxd1 35. Rb5 Ra1 36. Kf3 Ra2 37. g5 hxg5 38. hxg5 fxg5 39. Rxg5 Kf6 40. Rb5 Rb2
41. Rd5 Rb1 42. Rd8 g5 43. Rf8+ Kg7 44. Rf7+ Kg6 45. Rxc7 g4+ 46. Kg2 Bxc7 47.
Bd3+ Kg5 48. Bxb1 Bd6 49. Bd3 Bb4 50. Kf1 Kf6 51. Ke2 Kg5 52. Be4 Bc3 53. Bb7
Bb4 54. Bc8 Bc3 55. Kf1 Bb4 56. Kg2 Bc3 57. Bd7 Bb4 58. Kg3 Bd6+ 59. f4+ gxf3+
60. Kxf3 Kf6 61. Ke4 Ke7 62. Bg4 Bc5 63. Kd3 Kd6 64. e4 Ke5 65. Kc4 Bb4 66. Bf5
Be1 67. Kb5 Bb4 68. Kc4 Be1 69. b4 Bxb4 70. Kb5 Be1 71. Kc4 Bb4 72. Kb5 Be1 73.
Kc4 Bb4 1/2-1/2

[Event "Gelfand Challenge 2021"]
[Site "chess24.com INT"]
[Date "2021.06.10"]
[Round "2.6"]
[White "Liang, Awonder"]
[Black "Bjerre, Jonas Buhl"]
[Result "1-0"]
[WhiteTitle "GM"]
[BlackTitle "GM"]
[WhiteElo "2592"]
[BlackElo "2542"]
[WhiteFideId "2056437"]
[BlackFideId "1444948"]
[EventDate "2021.06.10"]

1. e4 c5 2. Nc3 d6 3. Bb5+ Nc6 4. f4 Nf6 5. Bxc6+ bxc6 6. Nf3 g6 7. O-O Bg7 8.
d3 Ba6 9. Kh1 O-O 10. Qe1 c4 11. d4 Qa5 12. f5 gxf5 13. e5 dxe5 14. dxe5 Ng4 15.
Bf4 f6 16. exf6 exf6 17. Qe6+ Kh8 18. Nd4 Qb6 19. Qxf5 Bc8 20. Qe4 f5 21. Qxc6
Qxd4 22. Qxa8 Nf2+ 23. Rxf2 Qxf2 24. Qb8 Qxc2 25. Be5 Re8 26. Bxg7+ Kxg7 27.
Qc7+ Kh8 28. Qc6 Rg8 29. Re1 Be6 30. Qb7 Qf2 31. Rg1 f4 32. Qe7 Qe3 33. Qf6+ Rg7
34. Qf8+ Rg8 35. Qf6+ Rg7 36. Nb5 f3 37. Qxf3 Qxf3 38. gxf3 Rb7 39. Nd4 Bf7 40.
Rg2 c3 41. bxc3 Rb1+ 42. Rg1 Rxg1+ 43. Kxg1 Bxa2 44. Kf2 Kg7 45. Ke3 Kf6 46. Kd3
Ke5 47. c4 Kd6 48. Kc3 a5 49. f4 Bb1 50. Nb3 a4 51. Nd2 Bf5 52. Kb4 Bd7 53. Ne4+
Kc6 54. Kxa4 Bf5 55. Ng3 Bg6 56. Kb4 h5 57. f5 Bf7 58. Ne4 Kd7 59. Kc5 Ke7 60.
Kd4 Be8 61. c5 Bd7 62. Ke5 1-0

[Event "Gelfand Challenge 2021"]
[Site "chess24.com INT"]
[Date "2021.06.10"]
[Round "2.7"]
[White "Khademalsharieh, Sarasadat"]
[Black "Praggnanandhaa, R"]
[Result "0-1"]
[WhiteTitle "IM"]
[BlackTitle "GM"]
[WhiteElo "2494"]
[BlackElo "2608"]
[WhiteFideId "12512214"]
[BlackFideId "25059530"]
[EventDate "2021.06.10"]

1. d4 Nf6 2. Nf3 g6 3. c4 Bg7 4. g3 O-O 5. Bg2 d6 6. O-O Nbd7 7. Nc3 e5 8. e4 b6
9. Re1 exd4 10. Nxd4 Bb7 11. Be3 c6 12. h3 Qc7 13. Rc1 Rad8 14. Qc2 Rfe8 15.
Rcd1 a6 16. f4 Re7 17. g4 h6 18. Nde2 Qb8 19. Ng3 b5 20. cxb5 cxb5 21. a3 Ree8
22. Qf2 Ba8 23. Bf3 a5 24. Ba7 Qb7 25. Rxd6 Bf8 26. Rdd1 Qc7 27. Be3 b4 28. axb4
axb4 29. Nb5 Qb8 30. Nd4 Nc5 31. e5 Nd5 32. Nc6 Bxc6 33. Bxc5 Nxf4 34. Kh2 Bxc5
35. Qxc5 Bxf3 36. Rxd8 Rxd8 37. Rf1 Rd2+ 0-1

[Event "Gelfand Challenge 2021"]
[Site "chess24.com INT"]
[Date "2021.06.10"]
[Round "2.8"]
[White "Murzin, Volodar"]
[Black "Mendonca, Leon Luke"]
[Result "0-1"]
[WhiteTitle "IM"]
[BlackTitle "GM"]
[WhiteElo "2502"]
[BlackElo "2549"]
[WhiteFideId "44155573"]
[BlackFideId "35028561"]
[EventDate "2021.06.10"]

1. e4 c5 2. Nc3 d6 3. d4 cxd4 4. Qxd4 Nc6 5. Qd2 g6 6. b3 Bh6 7. f4 Nf6 8. Bb2
e5 9. Nge2 O-O 10. O-O-O Nd4 11. Nxd4 Bxf4 12. Qxf4 exf4 13. Ndb5 Be6 14. Nxd6
Qa5 15. e5 Ng4 16. Rd2 Rac8 17. Nce4 Ne3 18. Kb1 Nxc2 19. a4 Ne3 20. Bc4 Nxc4
21. bxc4 Qxa4 22. Rc1 Rc6 23. Rd5 Bxd5 24. Nf6+ Kh8 25. e6 Bxe6 26. Nde4 Rb6 0-1

[Event "Gelfand Challenge 2021"]
[Site "chess24.com INT"]
[Date "2021.06.10"]
[Round "2.9"]
[White "Abdusattorov, Nodirbek"]
[Black "Zhu, Jiner"]
[Result "1/2-1/2"]
[WhiteTitle "GM"]
[BlackTitle "WGM"]
[WhiteElo "2634"]
[BlackElo "2462"]
[WhiteFideId "14204118"]
[BlackFideId "8608059"]
[EventDate "2021.06.10"]

1. e4 c5 2. Nf3 d6 3. Bb5+ Bd7 4. c4 Nf6 5. Nc3 g6 6. d4 cxd4 7. Nxd4 Bg7 8. O-O
O-O 9. h3 a6 10. Bxd7 Nbxd7 11. b3 Qa5 12. Bb2 Rfc8 13. Rc1 b5 14. Nd5 Nxd5 15.
exd5 Qxa2 16. Bc3 Qa3 17. Nc6 Bxc3 18. Rxc3 Re8 19. Re3 bxc4 20. Nxe7+ Kf8 21.
Qd4 f6 22. Rfe1 Ne5 23. Qh4 Kg7 24. bxc4 Qc5 25. Nc6 Rf8 26. Nd4 Kg8 27. Ne6
Qxc4 28. f4 Rf7 29. Qg3 Qxd5 30. fxe5 Qxe6 31. exd6 Qd5 32. Kh1 Rd8 33. Re6 Kg7
34. Qa3 a5 35. Qg3 a4 36. Qa3 Qb3 37. Qc5 a3 38. R6e3 Qb8 39. Qxa3 Qxd6 40. Qc3
Qd4 41. Qc6 Qd6 42. Qf3 Qd5 43. Qg3 Qd6 44. Qh4 Rdd7 45. Rf1 Qd4 46. Re4 Qd3 47.
Rfe1 Qc2 48. R4e2 Qb3 49. Re3 Qc2 50. R3e2 Qb3 51. Kh2 Rd1 52. Qf4 Rxe1 53. Rxe1
Qd5 54. Re8 Rd7 55. Qb8 Qd6+ 56. Qxd6 Rxd6 57. Re7+ Kh6 58. h4 g5 59. hxg5+ fxg5
60. g4 Kg6 61. Kg3 Rd3+ 62. Kg2 Rd4 63. Kf3 Rf4+ 64. Kg3 h6 65. Re6+ Rf6 66. Re8
Rf4 67. Re6+ Rf6 68. Rxf6+ Kxf6 69. Kf3 Kf7 70. Ke4 Ke6 71. Kd4 Kf6 72. Ke4 Kg6
73. Kf3 Kf7 74. Ke4 Kf6 75. Kf3 Ke5 76. Ke3 Kd5 77. Kd3 Ke5 78. Ke3 Ke6 79. Ke4
Kf6 80. Kf3 1/2-1/2